| 000 | 00716nam a2200229 i 4500 | ||
|---|---|---|---|
| 001 | 77343 | ||
| 003 | ES-MaACL | ||
| 005 | 20251003195558.0 | ||
| 007 | t| | ||
| 008 | 041008s1959 sp ||||1| spa d | ||
| 080 | _a929 Enrique (410.1) VIII | ||
| 080 | _a94(410)"1509/47" | ||
| 100 | 1 |
_aHackett, Francis. _961396 |
|
| 245 | 1 | 0 |
_aEnrique VIII y sus seis mujeres / _cFrancis Hackett. |
| 250 | _a2ª ed. | ||
| 260 |
_aBarcelona : _bJuventud, _c1959 ( _fAtenas) |
||
| 300 |
_a389 p., 10 lám. ; _c22 cm. |
||
| 600 | 0 | 7 |
_aEnrique VIII, _cRey de Inglaterra, _d1491-1547 _2 _9126940 |
| 651 | 4 |
_aGran Bretaña- _xHistoria- _y1509-1547, Enrique VIII. _9174479 |
|
| 852 | 4 |
_aES-MaACL _jC-16466 |
|
| 999 |
_c77343 _d77343 |
||